000 00471nam a2200169Ia 4500
999 _c35794
_d35794
003 OSt
005 20201218142938.0
008 190216s9999||||xx |||||||||||||| ||und||
040 _coclc
082 _a503
_bSHA/D
100 _aSharma, J L
_97692
245 2 _aA Dictionary Of Science /
_cJ L Sharma
260 _bCbs Publishers,
_c1985.
_aDelhi:
300 _a566p
650 _aDictionary Of Science
942 _cREF
_2ddc
_h503
_iSHA/D
_k503
_mSHA/D